Missing Word: Movie Words Ending in 'G' Quiz Stats

 Plays Quiz Updated Mar 11, 2016

Challenge
Share
Tweet
Embed
Score 0/28 Timer 04:00
0 Plays Today
Hint Missing Word % Correct
_____ Fu PandaKung
97.5%
Good Will _____Hunting
96.8%
Dirty _____Dancing
95.3%
_____ CrashersWedding
94.2%
The _____ and IKing
93.3%
That _____ You Do!Thing
93.1%
_____ John MalkovichBeing
90.7%
_____ BullRaging
90.4%
_____ DayGroundhog
89.4%
_____ Day AfternoonDog
86.5%
_____ HillNotting
85.9%
The _____ Kiss GoodnightLong
85.1%
_____ Las VegasLeaving
84.9%
_____ FrankensteinYoung
83.8%
Hint Missing Word % Correct
_____ With ScissorsRunning
83.2%
Lock, Stock and Two _____ BarrelsSmoking
79.5%
King _____Kong
78.3%
_____ My WayGoing
77.6%
_____ Up BabyBringing
77.3%
Mississippi _____Burning
76%
The _____ SleepBig
72.4%
_____ With DisasterFlirting
72.1%
Say _____...Anything
69%
_____ AmyChasing
60.5%
Miller's _____Crossing
56.9%
House of Sand and _____Fog
52.7%
Judgment at _____Nuremberg
50.1%
The _____ LimitedDarjeeling
34.6%

Today's Daily Dose

You're not logged in!

Compare scores with friends on all Sporcle quizzes.
Join for Free
OR
Log In

You Might Also Like...

Show Comments

Extras

Top Quizzes Today


Score Distribution

Your Account Isn't Verified!

In order to create a playlist on Sporcle, you need to verify the email address you used during registration. Go to your Sporcle Settings to finish the process.

Report this User

Report this user for behavior that violates our Community Guidelines.

Details: